000 00650nam a2200229Ia 4500
003 OSt
005 20220925212451.0
006 a|||||r|||| 00| 0
007 ta
008 220923b |||||||| |||| 00| 0 eng d
037 _cGeneral Book
040 _aRTL
_cRTL
_beng
041 _2eng
_aeng
082 _aX:93.571.N7, L3
100 _aEdgren Gosta
_9276854
245 0 _aWage formation and the economy Tr from the swedis
260 _aLondon
_bAllen & Unwin UK
_c1973
300 _a239p. Bib p 233-35
_ccm.
650 _aWages
_9229845
942 _hX:93.571.N7, L3
_cGB
_2CC
999 _c560451
_d560451